000 00338nam a2200145 i 4500
001 bg
100 1 _aJACZEWSKI, Jerzy.
245 0 0 _aElektronika przemysłowa.
_nT.2 /
_cJerzy Jaczewski.
250 _aWyd.2.
260 _aGdańsk,
_c1973.
040 _cBPK
041 _apol
942 _cKS
008 s pl f |000 0 pol
999 _c26054
_d26054
856 _uhttp://koha.tu.koszalin.pl/cgi-bin/koha/opac-detail.pl?biblionumber=26054
_yKatalog online BPK